000 00420nam a2200157Ia 4500
008 240729s9999 xx 000 0 und d
022 _a2278-0203
245 0 _aJournal of Orthodontic Science
260 _aIndia
260 _bWolters Kluwer Medknow Publications
650 _a Dentistry
650 _aMedicine
856 _uhttps://doaj.org/toc/016eb837f4f84a91af7c388a412204ff
942 _2ddc
942 _cDOAJEJ
999 _c70207
_d70207
945 _a1
_bMadushi Gamage
_c1
_dMadushi Gamage